[Event "European Youth Chess Championship B14"]
[Site "Prague, Top Hotel Prague"]
[Date "2012.08.25"]
[Round "9.51"]
[White "Erdogan, Anil Berk"]
[Black "Utnasanov, Adyan"]
[Result "0-1"]
[WhiteElo "1681"]
[BlackElo "1882"]
[PlyCount "112"]
[EventDate "2012.08.17"]

1. e4 e6 2. d4 d5 3. Nd2 c5 4. exd5 exd5 5. Ngf3 Nf6 6. Bb5+ Bd7 7. Bxd7+ Nbxd7
8. O-O Be7 9. Re1 O-O 10. c3 Bd6 11. Ne5 Qc7 12. f4 Rfe8 13. Ndf3 Ne4 14. Be3
c4 15. g3 f6 16. Ng4 b5 17. Nf2 Nb6 18. Nxe4 Rxe4 19. Nd2 Re7 20. Qc2 Rae8 21.
Bf2 Qd7 22. Kg2 Re2 23. Rxe2 Rxe2 24. Re1 Rxe1 25. Bxe1 a5 26. Nf3 g6 27. Qe2
Kf7 28. Kf2 b4 29. Nh4 Na4 30. Qc2 Nb6 31. Qe2 Qe6 32. Qxe6+ Kxe6 33. Ke3 Na4
34. b3 Nxc3 35. Bxc3 bxc3 36. Ng2 cxb3 37. axb3 c2 38. Kd2 c1=Q+ 39. Kxc1 Kf5
40. Ne1 Ke4 41. Nc2 Kd3 42. Kb2 Bb4 43. Kc1 Kc3 44. Kd1 Kxb3 45. Ne3 a4 46.
Nxd5 a3 47. Nxb4 Kxb4 48. Kc2 Kc4 49. d5 Kxd5 50. Kb3 Ke4 51. Kxa3 Kf3 52. Kb4
f5 53. Kc4 Kg2 54. Kd4 Kxh2 55. Ke3 Kxg3 56. Ke2 Kxf4 0-1

[Event "European Youth Chess Championship B14"]
[Site "Prague, Top Hotel Prague"]
[Date "2012.08.25"]
[Round "9.52"]
[White "Cavadas, Francisco"]
[Black "Lopatik, Nikita"]
[Result "0-1"]
[WhiteElo "1649"]
[BlackElo "1869"]
[PlyCount "34"]
[EventDate "2012.08.17"]

1. e4 c5 2. Nf3 Nc6 3. d4 cxd4 4. Nxd4 Nf6 5. Nc3 d6 6. Bc4 Qb6 7. Nxc6 bxc6 8.
O-O g6 9. Qe2 Nd7 10. Kh1 Bg7 11. f4 O-O 12. Bb3 Ba6 13. Bc4 Bxc4 14. Qxc4 a5
15. Qe2 a4 16. a3 Rfb8 17. Rb1 Bxc3 0-1

[Event "European Youth Chess Championship B14"]
[Site "Prague, Top Hotel Prague"]
[Date "2012.08.25"]
[Round "9.53"]
[White "Goldobin, Aleksei"]
[Black "Darnell, Anton"]
[Result "1-0"]
[WhiteElo "2041"]
[BlackElo "1763"]
[PlyCount "73"]
[EventDate "2012.08.17"]

1. d4 d5 2. c4 c6 3. Nf3 Nf6 4. Qb3 a6 5. Nc3 dxc4 6. Qxc4 Nd5 7. e4 Nxc3 8.
bxc3 g6 9. Ng5 e6 10. e5 Qd5 11. Qd3 b5 12. Be2 Be7 13. Bf3 Qd8 14. h4 Ra7 15.
O-O Bb7 16. a4 O-O 17. Be3 Bc5 18. Ne4 Be7 19. Bh6 Re8 20. Bg5 Bxg5 21. hxg5
Kg7 22. axb5 cxb5 23. Nd6 Re7 24. Bxb7 Rexb7 25. Nxb7 Rxb7 26. Qf3 Rc7 27. Qf6+
Qxf6 28. gxf6+ Kf8 29. Rfc1 Rc6 30. Kf1 Ke8 31. Ke2 Kd7 32. Kd3 Rc4 33. Rcb1
Kc6 34. Rb4 Rxb4 35. cxb4 Kd5 36. Rc1 Nd7 37. Rc7 1-0

[Event "European Youth Chess Championship B14"]
[Site "Prague, Top Hotel Prague"]
[Date "2012.08.25"]
[Round "9.54"]
[White "Hadzialic, Benjamin"]
[Black "Rydl, Jiri"]
[Result "0-1"]
[WhiteElo "1745"]
[BlackElo "2021"]
[PlyCount "100"]
[EventDate "2012.08.17"]

1. d4 e6 2. c4 Nf6 3. Nf3 b6 4. Nc3 Bb4 5. Bg5 h6 6. Bh4 Bb7 7. e3 g5 8. Bg3
Ne4 9. Rc1 Bxc3+ 10. bxc3 d6 11. d5 e5 12. Bd3 Nf6 13. Bf5 Bc8 14. Bc2 Bd7 15.
Nd2 Na6 16. O-O Qe7 17. f3 Nc5 18. Ne4 Nfxe4 19. fxe4 O-O-O 20. Qh5 f6 21. Rf2
Rdf8 22. Rcf1 Qg7 23. Qd1 Kb7 24. h4 Be8 25. h5 Qe7 26. Bh2 Bd7 27. g4 Kc8 28.
Kg2 Kd8 29. Kg3 Ke8 30. Rf3 Kf7 31. Bg1 Kg7 32. Qe2 Bc8 33. Bf2 Qd7 34. Rf5 Qd8
35. Rf3 Bd7 36. Be1 Rf7 37. Bd2 Qc8 38. R3f2 Qa6 39. Bb1 b5 40. Bc1 bxc4 41.
Qb2 Ra8 42. Rf3 Qb6 43. Qa1 Rb8 44. Ba3 Na6 45. Bc2 Qa5 46. Bb2 Nc5 47. R1f2
Ba4 48. Bb1 Bd1 49. Rf5 Qb6 50. Rd2 Nxe4+ 0-1

[Event "European Youth Chess Championship B14"]
[Site "Prague, Top Hotel Prague"]
[Date "2012.08.25"]
[Round "9.55"]
[White "¬, Jon Kristinn"]
[Black "Morozov, Nichita"]
[Result "1/2-1/2"]
[WhiteElo "1747"]
[BlackElo "2002"]
[Annotator ",Microsoft"]
[PlyCount "110"]
[EventDate "2012.08.17"]

1. e4 d6 2. d4 Nf6 3. Nc3 g6 4. Nf3 Bg7 5. h3 O-O 6. Bd3 Nc6 7. Be3 e5 8. dxe5
Nxe5 9. Nxe5 dxe5 10. Qe2 c6 11. Rd1 Qc7 12. O-O Nh5 13. Bc4 Nf4 14. Qd2 b5 15.
Bb3 a5 16. a3 Ba6 17. Bxf4 exf4 18. Rfe1 f3 19. Qd6 Qc8 20. e5 Kh8 21. e6 fxe6
22. Bxe6 Qb8 23. Bd7 Qxd6 24. Rxd6 Rad8 25. Ree6 b4 26. axb4 axb4 27. Na4 Bc4
28. Re1 Bd5 29. g3 Bd4 30. c4 bxc3 31. bxc3 Ba7 32. Re5 Bb8 33. Rexd5 cxd5 34.
Rxd5 Ba7 35. c4 Rf7 36. Be6 Rxd5 37. Bxd5 Re7 38. Bxf3 Bd4 39. Kg2 Kg7 40. c5
Ra7 41. Bd1 Kf6 42. f4 Ke6 43. Bb3+ Kd7 44. Kf3 Kc6 45. Ke4 Bf6 46. Nb6 Kxc5
47. Nd5 Bg7 48. Ne3 Bd4 49. Nc2 Bf6 50. Ne3 Re7+ 51. Kf3 Bd4 52. Nc2 Bc3 53.
Ne3 Be1 54. Nc2 Bd2 55. Bg8 Rg7 $11 1/2-1/2

[Event "European Youth Chess Championship B14"]
[Site "Prague, Top Hotel Prague"]
[Date "2012.08.25"]
[Round "9.56"]
[White "Kravec, Patrik"]
[Black "Zeman, Radek"]
[Result "1-0"]
[WhiteElo "1910"]
[BlackElo "1794"]
[PlyCount "59"]
[EventDate "2012.08.17"]

1. e4 e5 2. Nf3 Nc6 3. d4 exd4 4. Nxd4 Bc5 5. Be3 Qf6 6. Nb5 Bxe3 7. fxe3 Qh4+
8. g3 Qxe4 9. Nxc7+ Kd8 10. Nxa8 Qxh1 11. Qd6 Nf6 12. Nd2 Ne8 13. Qf4 Qxh2 14.
O-O-O b6 15. Nc4 Nb4 16. Rd2 Qh1 17. e4 f6 18. c3 Na6 19. Kc2 g5 20. Qf5 d6 21.
Qd5 Qxf1 22. Nxd6 Nac7 23. Qc6 Bd7 24. Nf7+ Ke7 25. Qxd7+ Kf8 26. Nxh8 Qc4 27.
Qxh7 Qa4+ 28. Kb1 Ng7 29. Nxc7 Qc4 30. Ng6+ 1-0

[Event "European Youth Chess Championship B14"]
[Site "Prague, Top Hotel Prague"]
[Date "2012.08.25"]
[Round "9.57"]
[White "Skorepa, Jakub"]
[Black "Guerra Arrocha, Daniel"]
[Result "0-1"]
[WhiteElo "1680"]
[BlackElo "1872"]
[PlyCount "50"]
[EventDate "2012.08.17"]

1. d4 d5 2. Nf3 c5 3. e3 Nc6 4. b3 Bg4 5. Bb2 cxd4 6. exd4 Bxf3 7. Qxf3 e6 8.
Bd3 Qg5 9. Bc3 Bb4 10. Bxb4 Nxb4 11. O-O Rc8 12. c3 Nxd3 13. Qxd3 Nf6 14. Rc1
b5 15. Nd2 O-O 16. Rc2 Ne4 17. Rac1 Nxd2 18. Qxd2 Rc6 19. f4 Qe7 20. Qd3 Qc7
21. f5 a6 22. Qf3 Qe7 23. fxe6 Rxe6 24. Qxd5 Re1+ 25. Kf2 Qe3# 0-1

[Event "European Youth Chess Championship B14"]
[Site "Prague, Top Hotel Prague"]
[Date "2012.08.25"]
[Round "9.58"]
[White "Lappalainen, Matias"]
[Black "Cach, Jakub"]
[Result "1-0"]
[WhiteElo "1870"]
[BlackElo "1596"]
[PlyCount "49"]
[EventDate "2012.08.17"]

1. e4 e5 2. Nf3 Nc6 3. d4 exd4 4. Nxd4 Qh4 5. Nc3 Bb4 6. Be2 Qxe4 7. Ndb5 Bxc3+
8. bxc3 Kd8 9. O-O Nf6 10. Bg5 Qf5 11. Qd2 a6 12. Nd4 Nxd4 13. cxd4 h6 14. Be3
Ne4 15. Qb4 Re8 16. Bd3 Qe6 17. Rfe1 Qd6 18. Qb3 f5 19. f3 Nf6 20. Bxf5 Nd5 21.
Bf2 Ne7 22. Bd3 Qf6 23. Re2 d6 24. Rae1 Rf8 25. Rxe7 1-0

[Event "European Youth Chess Championship B14"]
[Site "Prague, Top Hotel Prague"]
[Date "2012.08.25"]
[Round "9.59"]
[White "Lukic, Lazar"]
[Black "O`Donnell, Conor"]
[Result "0-1"]
[WhiteElo "1692"]
[BlackElo "1955"]
[PlyCount "66"]
[EventDate "2012.08.17"]

1. e4 c6 2. d4 d5 3. exd5 cxd5 4. Bd3 Nc6 5. c3 Qc7 6. Nf3 Bg4 7. Nbd2 e6 8.
O-O Nf6 9. h3 Bh5 10. Be2 Bd6 11. Re1 O-O 12. Nh4 Bxe2 13. Qxe2 Rab8 14. a4 a6
15. Nf1 b5 16. axb5 axb5 17. Nf3 Na5 18. Qc2 b4 19. Bd2 Ne4 20. Ne3 Rfc8 21.
Rec1 bxc3 22. Bxc3 Nb3 23. Rab1 Nxc1 24. Rxc1 Rb6 25. Qa4 Rc6 26. Nd1 Rc4 27.
Qb3 f6 28. Rc2 Rb8 29. Qa2 Bb4 30. Ne3 Nxc3 31. bxc3 Rxc3 32. Rb2 Rc1+ 33. Nf1
Qc4 0-1

[Event "European Youth Chess Championship B14"]
[Site "Prague, Top Hotel Prague"]
[Date "2012.08.25"]
[Round "9.60"]
[White "Zubkov, Vsevolod"]
[Black "Inan, Canberk"]
[Result "1-0"]
[WhiteElo "1928"]
[BlackElo "1673"]
[PlyCount "55"]
[EventDate "2012.08.17"]

1. e4 c5 2. Nf3 d6 3. d4 cxd4 4. Nxd4 Nf6 5. Nc3 g6 6. Be3 Bg7 7. f3 O-O 8. Qd2
Nc6 9. Bc4 Bd7 10. O-O-O Rc8 11. Bb3 Ne5 12. h4 h5 13. Bh6 Nc4 14. Bxc4 Rxc4
15. g4 b5 16. Bxg7 Kxg7 17. gxh5 Nxh5 18. Nf5+ Bxf5 19. exf5 Qa5 20. Rdg1 b4
21. fxg6 bxc3 22. gxf7+ Kxf7 23. Qd3 cxb2+ 24. Kb1 Ke8 25. Qxc4 Kd7 26. Rg5 Rf5
27. Qg4 e6 28. Qxh5 1-0

[Event "European Youth Chess Championship B14"]
[Site "Prague, Top Hotel Prague"]
[Date "2012.08.25"]
[Round "9.61"]
[White "Bares, Jachym"]
[Black "Molnar, Erno"]
[Result "1/2-1/2"]
[WhiteElo "1684"]
[BlackElo "1919"]
[PlyCount "100"]
[EventDate "2012.08.17"]

1. e4 c5 2. Nf3 Nc6 3. d4 cxd4 4. Nxd4 Nf6 5. Nc3 e5 6. Ndb5 d6 7. Nd5 Nxd5 8.
exd5 Nb8 9. c4 Be7 10. Be2 a6 11. Nc3 O-O 12. O-O f5 13. f4 Bf6 14. Qc2 Re8 15.
Re1 Qb6+ 16. Kh1 e4 17. Bh5 g6 18. Be3 Qc7 19. Be2 Nd7 20. Rac1 b6 21. b4 Bb7
22. Red1 Rac8 23. Bd4 Bxd4 24. Rxd4 Nf6 25. Qd2 Kf7 26. Qe3 Rh8 27. h3 h5 28.
Kh2 Rh7 29. Rdd1 Rch8 30. Na4 Nd7 31. c5 bxc5 32. bxc5 dxc5 33. Nxc5 Nxc5 34.
Rxc5 Qd6 35. Kh1 Rd8 36. Qc1 Kg8 37. Qe3 Rhd7 38. Bc4 Kh7 39. Bb3 Qf6 40. Qd4
Qxd4 41. Rxd4 Kg7 42. Bc4 Kf6 43. Kg1 Ke7 44. g4 hxg4 45. hxg4 Kd6 46. Ra5 Ra8
47. gxf5 gxf5 48. Kf2 Rg7 49. Be2 Rh7 50. Rb4 Rg8 1/2-1/2

[Event "European Youth Chess Championship B14"]
[Site "Prague, Top Hotel Prague"]
[Date "2012.08.25"]
[Round "9.63"]
[White "Sorin, Ilya"]
[Black "Ramacker, Quinten"]
[Result "1-0"]
[WhiteElo "1575"]
[BlackElo "1805"]
[PlyCount "81"]
[EventDate "2012.08.17"]

1. e4 c5 2. Nf3 e6 3. d4 cxd4 4. Nxd4 Nc6 5. Nc3 Qc7 6. Be3 a6 7. Bd3 Nf6 8.
O-O Be7 9. f4 d6 10. Qf3 O-O 11. Rae1 b5 12. e5 Nxd4 13. Bxd4 Bb7 14. Qh3 dxe5
15. fxe5 Bc5 16. Bxc5 Qxc5+ 17. Kh1 g6 18. exf6 Qg5 19. Be4 Bd5 20. Bxd5 exd5
21. Nxd5 h5 22. Qe3 Qxe3 23. Rxe3 Rad8 24. Rd1 Kh7 25. Ree1 Rd6 26. Rf1 Rc6 27.
Nb4 Rc4 28. c3 a5 29. Nd5 Rc5 30. Ne7 b4 31. Rd5 Rc4 32. Rd4 Rxd4 33. cxd4 Rd8
34. d5 Rd6 35. Rd1 Kh6 36. h4 Kh7 37. Nc8 Rd8 38. Nb6 Rd6 39. Nc4 Rd8 40. d6
Kg8 41. d7 1-0

[Event "European Youth Chess Championship B14"]
[Site "Prague, Top Hotel Prague"]
[Date "2012.08.25"]
[Round "9.65"]
[White "Vangsgaard, Bjarke"]
[Black "Truksa, Vaclav"]
[Result "1/2-1/2"]
[WhiteElo "1780"]
[BlackElo "1673"]
[PlyCount "41"]
[EventDate "2012.08.17"]

1. d4 d5 2. Bf4 Nf6 3. Nf3 Bf5 4. e3 e6 5. Be2 Nbd7 6. O-O c5 7. c4 cxd4 8.
Nxd4 Bxb1 9. Rxb1 e5 10. Bg5 exd4 11. Qxd4 Bc5 12. Bxf6 Qb6 13. Qxd5 Nxf6 14.
Qe5+ Be7 15. Rfd1 Rc8 16. b4 Qc7 17. Qb5+ Qc6 18. Qe5 Qc7 19. Qb5+ Qc6 20. Qe5
Qc7 21. Qb5+ 1/2-1/2

[Event "European Youth Chess Championship B14"]
[Site "Prague, Top Hotel Prague"]
[Date "2012.08.25"]
[Round "9.68"]
[White "Lopez Popov, Ivan"]
[Black "Liebert, Erwin"]
[Result "1/2-1/2"]
[WhiteElo "1719"]
[BlackElo "1566"]
[PlyCount "66"]
[EventDate "2012.08.17"]

1. e4 e5 2. Nf3 Nc6 3. Bc4 Nf6 4. d3 Bc5 5. O-O d6 6. c3 Bg4 7. Nbd2 O-O 8. h3
Bh5 9. Re1 Re8 10. Nf1 h6 11. Ng3 Bg6 12. b4 Bb6 13. a3 Nh5 14. Nxh5 Bxh5 15.
Be3 Ne7 16. Bxb6 axb6 17. Bb3 Kh8 18. g4 Bg6 19. Nh4 Rf8 20. Re3 c6 21. Nf5
Bxf5 22. gxf5 d5 23. Qh5 Kh7 24. Rg3 Qe8 25. Kh2 f6 26. Qf3 Qf7 27. Rag1 Rg8
28. a4 Rad8 29. Rg6 Qe8 30. R6g3 Qf7 31. Rg6 Qe8 32. R6g3 Qf7 33. Rg6 Qe8
1/2-1/2